Größte Länder des Römischen Reiches - Statistiken

Allgemein
  • Dieses Quiz wurde 13.248 mal gespielt
  • Das Durchschnittsergebnis liegt bei 12 aus 15
Antwortstatistiken
% km² Land % Korrekt
100 301,000 Italien
99%
82 525,000 Frankreich
95%
99 500,000 Spanien
95%
60 600,000 Ägypten
88%
98 770,000 Türkei
88%
100 132,000 Griechenland
87%
8 200,000 Algerien
82%
33 150,000 Marokko
81%
70 115,000 Tunesien
77%
8 150,000 Libyen
76%
80 150,000 Syrien
62%
62 150,000 Vereinigtes Königreich
62%
75 175,000 Rumänien
55%
100 111,000 Bulgarien
54%
50 220,000 Irak
51%
Keine übereinstimmenden Quizze gefunden
Verteilung der Resultate
Anzahl Personen mit jedem Resultat
Perzentil nach korrekt beantworteten Fragen
Ihre Resultats-Entwicklung
Sie haben dieses Quiz noch nicht gespielt